Fundamentals of drug delivery /

"This book provides an insight into the fundamentals of drug delivery and the important processes in the development of controlled drug delivery systems. Part 1 introduces the concept of drug delivery and provides a perspective into the challenges, opportunities and fundamental processes involv...

Full description

Bibliographic Details
Other Authors: Benson, Heather A. E. (Editor), Roberts, Michael S., 1949- (Editor), Williams, Adrian, 1963- (Editor), Liang, Xiaowen (Editor)
Format: eBook
Language:English
Published: Hoboken, NJ : Wiley, 2022.
Subjects:
Online Access:Connect to the full text of this electronic book

MARC

Tag First Indicator Second Indicator Subfields
LEADER 00000nam a2200000 i 4500
001 in00004687721
006 m o d
007 cr cnu---unuuu
008 210707s2022 njua ob 001 0 eng
005 20260214210201.7
010 |a  2021033396 
020 |a 9781119769644  |q (electronic bk. : oBook) 
020 |a 1119769647  |q (electronic bk. : oBook) 
020 |a 9781119769651  |q electronic book 
020 |a 1119769655  |q electronic book 
020 |a 1119769671 
020 |a 9781119769675  |q (electronic bk.) 
020 |z 9781119769606  |q hardcover 
024 7 |a 10.1002/9781119769644  |2 doi 
035 |a wil6007436 
035 |a (DLC)wil6007436 
040 |a DLC  |b eng  |e rda  |c DLC 
042 |a pcc 
050 0 4 |a RS199.5  |b .F86 2022 
060 0 0 |a QV 785 
082 0 0 |a 615/.6  |2 23 
245 0 0 |a Fundamentals of drug delivery /  |c edited by Heather A.E. Benson, Michael S. Roberts, Adrian C. Williams, Xiaowen Liang. 
264 1 |a Hoboken, NJ :  |b Wiley,  |c 2022. 
300 |a 1 online resource (xxii, 554 pages) :  |b illustrations (some color) 
336 |a text  |b txt  |2 rdacontent 
337 |a computer  |b c  |2 rdamedia 
338 |a online resource  |b cr  |2 rdacarrier 
504 |a Includes bibliographical references and index. 
520 |a "This book provides an insight into the fundamentals of drug delivery and the important processes in the development of controlled drug delivery systems. Part 1 introduces the concept of drug delivery and provides a perspective into the challenges, opportunities and fundamental processes involved in the development of controlled drug delivery systems. The 2nd part features a "top to bottom" critique of the common administration routes for controlled drug delivery, with each chapter discussing physiology pertient to each administration route and focusing on the barriers to drug delivery. In the last part, the emphasis i son particular challenges in controlled drug delivery and advanced delivery technologies -- including delivery systems for biologicals and equally enormous delivery challenges"--  |c Provided by publisher. 
588 |a Description based on online resource; title from digital title page (viewed on October 08, 2021). 
650 0 |a Drug delivery systems. 
650 0 |a Drugs  |x Administration. 
650 1 2 |a Drug Delivery Systems 
650 2 2 |a Drug Administration Routes 
655 4 |a Electronic books. 
700 1 |a Benson, Heather A. E.,  |e editor. 
700 1 |a Roberts, Michael S.,  |d 1949-  |e editor. 
700 1 |a Williams, Adrian,  |d 1963-  |e editor. 
700 1 |a Liang, Xiaowen,  |e editor. 
776 0 8 |i Print version:  |t Fundamentals of drug delivery  |d Hoboken, NJ : Wiley, 2021  |z 9781119769606  |w (DLC) 2021033395 
856 4 0 |u http://proxy.library.tamu.edu/login?url=https://onlinelibrary.wiley.com/book/10.1002/9781119769644  |z Connect to the full text of this electronic book  |t 0 
955 |a Wiley EBA record 
975 |p Wiley UBCM Full Collection 2026 
999 f f |s f7010040-3a24-4657-a303-cb474d23b5fd  |i 7538e822-fbdb-4953-b862-628fc32b74f7  |t 0 
952 f f |a Texas A&M University  |b College Station  |c Electronic Resources  |s evans_pda  |d Available Online  |t 0  |e RS199.5 .F86 2022  |h Library of Congress classification 
998 f f |a RS199.5 .F86 2022  |t 0  |l Available Online